000 00783nam a2200229Ia 4500
001 18426
003 GE_BSU
008 181216s||||||||xx |||||||||||||| ||und||
020 _a9781607743620
040 _cGE_BSU
080 _a658.3
100 _aBolles, Richard N.
245 _aWhat Color Is Your Parachute? 2014 edition: A Practical Manual for Job-Hunters and Career-Changers
260 _aNew York
260 _bTen Speed Press
260 _c2013
300 _a355 p. 23cm.
653 _aWhat Color Is Your Parachute? 2014 : A Practical Manual for Job-Hunters and Career-Changers
653 _aადამიანების ურთიერთობა წარმოებაში.
653 _aპერსონალის მართვა
942 _cBK
999 _c51440
_d51440